[Event "Urals-ch 72nd"]
[Site "Tiumen"]
[Date "2014.03.25"]
[Round "6"]
[White "Predko, Oleg"]
[Black "Smirnov, Nikolai Vl"]
[Result "0-1"]
[WhiteElo "1802"]
[BlackElo "2054"]
[PlyCount "50"]
[EventDate "2014.03.20"]
[EventType "swiss"]
[EventRounds "9"]
[EventCountry "RUS"]
[SourceTitle "CBM 159 Extra"]
[Source "ChessBase"]
[SourceDate "2014.04.24"]
[SourceVersion "1"]
[SourceVersionDate "2014.04.24"]
[SourceQuality "1"]

1. e4 c6 2. Nc3 d5 3. Nf3 dxe4 4. Nxe4 Nf6 5. Nxf6+ gxf6 6. d4 Na6 7. Be3 Bf5 8. Bd3 Rg8 9. Rg1 e6 10. c3 Qa5 11. Qc2 Bg6 12. Bxg6 hxg6 13. Qe4 0-0-0 14. b4 Qb5 15. a4 Qc4 16. Kd2 e5 17. Rgb1 exd4 18. Nxd4 Nxb4 19. cxb4 Bxb4+ 20. Rxb4 Qxb4+ 21. Kc2 Qc4+ 22. Kb2 Rge8 23. Qc2 Rxd4 24. Bxd4 Qxd4+ 25. Ka2 Re4 0-1